[Event "Berlin op 10"]
[Site "Berlin"]
[Date "2003.10.13"]
[Round "1"]
[White "Walter, Reinhold"]
[Black "Mylich, Falk"]
[Result "0-1"]
[WhiteElo "1434"]
[BlackElo "1849"]
[PlyCount "60"]
[EventDate "2003.10.13"]
[EventType "swiss"]
[EventRounds "7"]
[EventCountry "GER"]
[SourceTitle "EXT 2007"]
[Source "ChessBase"]
[SourceDate "2006.11.23"]
[SourceVersion "1"]
[SourceVersionDate "2006.11.23"]
[SourceQuality "1"]

1. Nf3 Nf6 2. c4 c6 3. e3 e6 4. Nc3 d5 5. d4 Bd6 6. cxd5 exd5 7. Bd3 0-0 8. Qc2 Nbd7 9. h3 Re8 10. 0-0 Nf8 11. Bf5 Ne6 12. e4 dxe4 13. Nxe4 Nxe4 14. Bxe4 h6 15. Be3 Ng5 16. Nxg5 hxg5 17. Bf5 Be6 18. Bxe6 Rxe6 19. Rad1 Rg6 20. Qe2 g4 21. hxg4 Qh4 22. g3 Bxg3 23. f3 Re8 24. Rd3 Rh6 25. Qg2 Bh2+ 26. Kh1 Bf4+ 27. Kg1 Bxe3+ 28. Rxe3 Rxe3 29. Rf2 Re1+ 30. Rf1 Rxf1+ 0-1